[Event "Caissa New Year GM 2012"]
[Site "Kecskemet (HUN)"]
[Date "2012.01.03"]
[Round "8.2"]
[White "Varga, Zoltan"]
[Black "Holm, Kristian Stuvik"]
[Result "1-0"]
[WhiteElo "2450"]
[BlackElo "2272"]
[PlyCount "93"]
[EventDate "2012.??.??"]

1. e4 c5 2. Nf3 g6 3. d4 cxd4 4. Nxd4 Bg7 5. c4 Nc6 6. Be3 Nf6 7. Nc3 O-O 8.
Be2 d6 9. O-O Nxd4 10. Bxd4 Bd7 11. Qd2 Bc6 12. f3 a5 13. b3 Nd7 14. Be3 Nc5
15. Rab1 Qb6 16. Rfc1 Rfc8 17. Rc2 Qd8 18. Bf1 h5 19. Nd5 e6 20. Nc3 Qe7 21.
Bg5 Qf8 22. Rd1 Be5 23. Qe3 f5 24. exf5 Qxf5 25. Rcc1 Rf8 26. Ne2 Bb2 27. Rb1
Be5 28. h4 Rac8 29. Nd4 Qf7 30. Rd2 Rc7 31. Rbd1 Kh7 32. a3 Bd7 33. b4 axb4 34.
axb4 Na6 35. c5 Nxb4 36. cxd6 Bxd6 37. Nxe6 Bxe6 38. Rxd6 Rc6 39. Bb5 Rxd6 40.
Rxd6 Bf5 41. Qc5 Nc6 42. Bxc6 bxc6 43. Rf6 Qxf6 44. Bxf6 Rf7 45. Qxc6 Rd7 46.
Qc4 Bd3 47. Qc8 1-0

[Event "Caissa New Year GM 2012"]
[Site "Kecskemet (HUN)"]
[Date "2012.01.03"]
[Round "8.3"]
[White "Kislik, Erik Andrew"]
[Black "Borosova, Zuzana"]
[Result "1-0"]
[WhiteElo "2371"]
[BlackElo "2284"]
[PlyCount "131"]
[EventDate "2012.??.??"]

1. e4 e5 2. Nf3 Nc6 3. Bb5 a6 4. Ba4 Nf6 5. O-O Be7 6. Re1 b5 7. Bb3 O-O 8. c3
d5 9. exd5 Nxd5 10. Nxe5 Nxe5 11. Rxe5 c6 12. d4 Bd6 13. Re1 Qh4 14. g3 Qh3 15.
Be3 Bg4 16. Qd3 Rae8 17. Nd2 Re6 18. Qf1 Qh5 19. f3 Nxe3 20. Qf2 Nd5 21. fxg4
Qxg4 22. Qf3 Qxf3 23. Nxf3 Rxe1+ 24. Rxe1 Nb6 25. Ng5 g6 26. Rf1 Nd5 27. Ne4
Be7 28. Bxd5 cxd5 29. Nf6+ Bxf6 30. Rxf6 Re8 31. Rxa6 Re2 32. b4 Kf8 33. Ra5
Ke7 34. Rxb5 Ke6 35. a4 Ra2 36. a5 h5 37. Rb6+ Kf5 38. h3 Ke4 39. Rf6 Kd3 40.
a6 Kxc3 41. b5 Kxd4 42. Rf2 Ra3 43. Rb2 Kc3 44. b6 Kxb2 45. b7 Rxg3+ 46. Kh2
Rb3 47. a7 Rxb7 48. a8=Q Rb3 49. Qxd5 Rc3 50. Qb7+ Ka3 51. Qxf7 Rc2+ 52. Kg1
Rc3 53. Qa7+ Kb3 54. Qb6+ Ka3 55. Qa6+ Kb4 56. Qd6+ Ka4 57. h4 Rc4 58. Qa6+ Kb4
59. Qb6+ Ka4 60. Qf6 Rg4+ 61. Kf2 Kb5 62. Ke3 Kc5 63. Qd8 Kc6 64. Kf3 Kb5 65.
Qd7+ Kc5 66. Qe6 1-0

[Event "Caissa New Year GM 2012"]
[Site "Kecskemet (HUN)"]
[Date "2012.01.03"]
[Round "8.4"]
[White "Groszpeter, Attila"]
[Black "Battey, Alexander"]
[Result "1-0"]
[WhiteElo "2490"]
[BlackElo "2336"]
[PlyCount "85"]
[EventDate "2012.??.??"]

1. e4 e6 2. d4 d5 3. Nc3 Bb4 4. a3 Bxc3+ 5. bxc3 dxe4 6. Qg4 Nf6 7. Qxg7 Rg8 8.
Qh6 Nbd7 9. Ne2 Rg6 10. Qd2 b6 11. a4 Bb7 12. Nf4 Rg8 13. a5 Ng4 14. Qe2 c5 15.
h3 Ngf6 16. dxc5 bxc5 17. Qb5 Qc7 18. a6 Bc6 19. Qa5 Qe5 20. Be3 Rd8 21. Rd1
Rc8 22. c4 Ba8 23. Be2 Qf5 24. Kf1 h5 25. Qd2 Bc6 26. Rg1 h4 27. Qa5 Ba8 28.
Rh1 Nb6 29. Qd2 e5 30. Nd5 Nbxd5 31. cxd5 Nxd5 32. Bg4 Qg6 33. Qe2 Rd8 34. Kg1
Nxe3 35. fxe3 Rxd1+ 36. Qxd1 Bc6 37. Kh2 Ke7 38. Rf1 Rd8 39. Qe1 Rh8 40. Qa5
Kf8 41. Qxc5+ Kg8 42. Qxa7 Kg7 43. Qe7 1-0

[Event "Caissa New Year GM 2012"]
[Site "Kecskemet (HUN)"]
[Date "2012.01.03"]
[Round "8.5"]
[White "Mulyar, Michael A"]
[Black "Mihok, Oliver"]
[Result "0-1"]
[WhiteElo "2420"]
[BlackElo "2472"]
[PlyCount "104"]
[EventDate "2012.??.??"]

1. c4 Nf6 2. Nf3 c5 3. Nc3 Nc6 4. d4 cxd4 5. Nxd4 e6 6. g3 Qb6 7. Ndb5 Ne5 8.
Bg2 a6 9. Qa4 Rb8 10. Be3 Bc5 11. Bxc5 Qxc5 12. Qa3 b6 13. Nd6+ Ke7 14. Qxc5
bxc5 15. Nxc8+ Rhxc8 16. b3 d5 17. cxd5 c4 18. b4 exd5 19. Bxd5 Rxb4 20. O-O
Rb2 21. Bg2 Rd8 22. Rfc1 Rdd2 23. h3 g5 24. Bf1 h5 25. f4 gxf4 26. gxf4 Ng6 27.
Nd1 Rbc2 28. Rxc2 Rxc2 29. Ne3 Rc3 30. Nf5+ Ke6 31. Nd4+ Kd5 32. Rd1 Kc5 33. f5
Ne5 34. Bg2 Ra3 35. Nf3 Nxf3+ 36. Bxf3 Rxa2 37. Rd8 c3 38. Rc8+ Kb4 39. Kf2 Ra5
40. Ke3 Rxf5 41. Kd3 Rc5 42. Rb8+ Rb5 43. Rc8 Nd5 44. e4 Nf4+ 45. Kc2 Nxh3 46.
Rxc3 Nf4 47. Kb2 Rc5 48. Rb3+ Kc4 49. Ra3 a5 50. Bd1 Kd4 51. Bc2 h4 52. Rf3 Ke5
0-1

[Event "Caissa New Year GM 2012"]
[Site "Kecskemet (HUN)"]
[Date "2012.01.04"]
[Round "9.1"]
[White "Mihok, Oliver"]
[Black "Fodor, Tamas Jr"]
[Result "1/2-1/2"]
[WhiteElo "2472"]
[BlackElo "2488"]
[PlyCount "56"]
[EventDate "2012.??.??"]

1. e4 e5 2. Nf3 Nc6 3. Bb5 Nf6 4. O-O Nxe4 5. d4 Nd6 6. Bxc6 dxc6 7. dxe5 Nf5
8. Qxd8+ Kxd8 9. Nc3 Ne7 10. h3 Ng6 11. Bg5+ Ke8 12. Rad1 Bd7 13. Rd2 Be7 14.
Bxe7 Kxe7 15. Nd4 Nf4 16. Kh2 Rhd8 17. Kg3 g5 18. Rfd1 Be6 19. Ne4 Rxd4 20.
Rxd4 Ne2+ 21. Kf3 Nxd4+ 22. Rxd4 Bd5 23. c4 Bxe4+ 24. Kxe4 Ke6 25. Rd3 Re8 26.
c5 h5 27. Rf3 Rd8 28. Rb3 b6 1/2-1/2

[Event "Caissa New Year GM 2012"]
[Site "Kecskemet (HUN)"]
[Date "2012.01.04"]
[Round "9.2"]
[White "Battey, Alexander"]
[Black "Mulyar, Michael A"]
[Result "1/2-1/2"]
[WhiteElo "2336"]
[BlackElo "2420"]
[PlyCount "20"]
[EventDate "2012.??.??"]

1. e4 e6 2. d4 d5 3. exd5 exd5 4. c4 Nf6 5. Nc3 Bb4 6. Bd3 O-O 7. Nge2 dxc4 8.
Bxc4 Nbd7 9. O-O Nb6 10. Bb3 h6 1/2-1/2

[Event "Caissa New Year GM 2012"]
[Site "Kecskemet (HUN)"]
[Date "2012.01.04"]
[Round "9.3"]
[White "Borosova, Zuzana"]
[Black "Groszpeter, Attila"]
[Result "0-1"]
[WhiteElo "2284"]
[BlackElo "2490"]
[PlyCount "104"]
[EventDate "2012.??.??"]

1. e4 c5 2. Nf3 d6 3. d4 cxd4 4. Nxd4 Nf6 5. Nc3 a6 6. f4 e5 7. Nf3 Nbd7 8. a4
Be7 9. Bc4 O-O 10. O-O exf4 11. Bxf4 Qb6+ 12. Qd4 Qxd4+ 13. Nxd4 Ne5 14. Bb3
Bd7 15. Nf5 Bxf5 16. exf5 Rac8 17. Rad1 h6 18. Rfe1 Rfe8 19. Re2 Bf8 20. Rde1
Nfd7 21. Bd5 Rc7 22. Ne4 Rec8 23. Bb3 Nc4 24. Bxc4 Rxc4 25. Nxd6 Bxd6 26. Bxd6
Rxc2 27. Re7 Rd8 28. b3 Nf6 29. Bf4 Nd5 30. Re8+ Rxe8 31. Rxe8+ Kh7 32. Bd6 Rb2
33. Rf8 f6 34. Rf7 Rxb3 35. Rd7 Ne3 36. g4 Rd3 37. Re7 Rxd6 38. Rxe3 Rd4 39.
Rb3 Rxg4+ 40. Kh1 Rxa4 41. Rxb7 Rf4 42. Ra7 Rxf5 43. Rxa6 Rf2 44. Ra7 h5 45.
Kg1 Rc2 46. Rb7 Kh6 47. Ra7 g5 48. Ra6 Kg6 49. Ra5 g4 50. Rb5 f5 51. Ra5 Kg5
52. Rb5 h4 0-1

[Event "Caissa New Year GM 2012"]
[Site "Kecskemet (HUN)"]
[Date "2012.01.04"]
[Round "9.4"]
[White "Holm, Kristian Stuvik"]
[Black "Kislik, Erik Andrew"]
[Result "0-1"]
[WhiteElo "2272"]
[BlackElo "2371"]
[PlyCount "228"]
[EventDate "2012.??.??"]

1. Nf3 c5 2. c4 Nc6 3. g3 e5 4. Nc3 Nf6 5. Bg2 d6 6. d3 Be7 7. O-O O-O 8. Bg5
Be6 9. Ne1 Qd7 10. Nc2 h6 11. Bxf6 Bxf6 12. Nd5 Bd8 13. a3 Rc8 14. b4 b6 15. b5
Nb8 16. Nce3 Kh8 17. Nc3 f5 18. Ned5 g5 19. e3 Qg7 20. e4 f4 21. g4 Nd7 22. f3
Rf7 23. Kf2 Nf8 24. a4 Rb8 25. Qe2 Rbb7 26. Rh1 Qg6 27. Rag1 Rh7 28. h3 Kg8 29.
Ke1 Rh8 30. Kd2 Rbh7 31. Qe1 h5 32. Kc1 Qf7 33. Kb2 Ng6 34. Qe2 Kf8 35. Qf2 Rh6
36. Kc2 R8h7 37. Kb3 Qg7 38. Rc1 Qh8 39. Rhg1 hxg4 40. hxg4 Rh2 41. Qd2 R7h3
42. Qd1 Rg3 43. Qf1 Nh4 44. Bh1 Rxg1 45. Qxg1 Ng6 46. Bg2 Qh4 47. Ne2 Kg7 48.
Ndc3 Bd7 49. Rd1 Kf7 50. Rc1 Nf8 51. Rf1 Qh8 52. Rb1 Rh4 53. Qf2 Bc8 54. Rg1
Rh7 55. Qf1 Ng6 56. Rh1 Rh4 57. Rxh4 Nxh4 58. Kc2 Kg7 59. Qf2 Be6 60. Ng1 Kf8
61. Qf1 Qg7 62. Nge2 Qb7 63. Bh1 Kg8 64. Qg1 Bd7 65. Qh2 Qc8 66. Qg1 a6 67. Kb2
Qa8 68. Qa1 Be6 69. Ng1 Qa7 70. Nge2 Kf7 71. Ng1 Ke8 72. Nge2 Kd7 73. Qa3 Kc8
74. Qa1 Kb8 75. Qd1 Qb7 76. Qb3 axb5 77. axb5 Qf7 78. Qd1 Qh7 79. Qg1 Qa7 80.
Qa1 Qd7 81. Qg1 Qh7 82. Qf1 Bc8 83. Nd5 Bd7 84. Ndc3 Qg7 85. Qg1 Be6 86. Qf1
Ng6 87. Bg2 Nf8 88. Qh1 Bf7 89. Qa1 Nh7 90. Qg1 Nf6 91. Nd1 Be6 92. Nf2 Ne8 93.
Nc3 Bf7 94. Qc1 Nc7 95. Ne2 Qh8 96. Qh1 Qg8 97. Kc3 Be7 98. Qh6 Kc8 99. Qh1 Be8
100. Kb2 Bf7 101. Qc1 Kb7 102. Qc3 Qh8 103. Qe1 Qh4 104. Qg1 Bf6 105. Nh3 d5
106. exd5 e4+ 107. Kc2 exf3 108. d6 Qxg4 109. Nf2 Qxg2 110. dxc7 Qxg1 111. Nxg1
Bd4 112. Nxf3 Bxf2 113. Nxg5 Bh5 114. Ne6 Be3 0-1

[Event "Caissa New Year GM 2012"]
[Site "Kecskemet (HUN)"]
[Date "2012.01.04"]
[Round "9.5"]
[White "Ilincic, Zlatko"]
[Black "Varga, Zoltan"]
[Result "1/2-1/2"]
[WhiteElo "2447"]
[BlackElo "2450"]
[PlyCount "44"]
[EventDate "2012.??.??"]

1. d4 Nf6 2. c4 e6 3. Nf3 Bb4+ 4. Bd2 a5 5. g3 d6 6. Bg2 Nbd7 7. O-O e5 8. e3
Bxd2 9. Qxd2 c6 10. Nc3 e4 11. Nh4 Nb6 12. Nxe4 Nxe4 13. Bxe4 Nxc4 14. Qe2 d5
15. Bd3 Nd6 16. Qh5 Qe7 17. Rfe1 Be6 18. Ng2 h6 19. Nf4 O-O 20. Rac1 Qf6 21.
Qe5 Qe7 22. Qh5 Qf6 1/2-1/2